书目信息 |
| 题名: |
中国测绘法律制度概论
|
|
| 作者: | 张万峰 编著 | |
| 分册: | ||
| 出版信息: | 北京 人民交通出版社 2007.07 |
|
| 页数: | 308页 | |
| 开本: | 21cm | |
| 丛书名: | ||
| 单 册: | ||
| 中图分类: | D922.174 | |
| 科图分类: | ||
| 主题词: | 测绘法令--ce hui fa ling--研究--中国 | |
| 电子资源: | ||
| ISBN: | 978-7-114-06672-6 | |
| 000 | 00866nam0 2200241 450 | |
| 001 | 012007332547 | |
| 005 | 20071205094928.45 | |
| 010 | @a978-7-114-06672-6@dCNY26.00 | |
| 100 | @a20071205d2007 km y0chi0120 ea | |
| 101 | 0 | @achi |
| 102 | @aCN@b110000 | |
| 105 | @ay z 000yy | |
| 106 | @ar | |
| 200 | 1 | @a中国测绘法律制度概论@Azhong guo ce hui fa lu zhi du gai lun@f张万峰编著@Fzhang wan feng bian zhu |
| 210 | @a北京@c人民交通出版社@d2007.07 | |
| 215 | @a308页@d21cm | |
| 300 | @a测绘法律法规教材 | |
| 330 | @a全书通俗易懂地阐述了法和测绘法的有关概念,介绍了测绘法的产生、立法宗旨、适用范围、地位和作用、主要特征,详细分析了各项测绘法律制度的概念、内容、涵义。 | |
| 606 | 0 | @a测绘法令@Ace hui fa ling@x研究@y中国 |
| 690 | @aD922.174@v4 | |
| 701 | 0 | @a张万峰@Azhang wan feng@4编著 |
| 801 | 0 | @aCN@bQSSK@c20071205 |
| 905 | @b271005-07@dD922.174@eZ191@f3 | |
| 中国测绘法律制度概论/张万峰编著.-北京:人民交通出版社,2007.07 |
| 308页;21cm |
| 测绘法律法规教材 |
| ISBN 978-7-114-06672-6:CNY26.00 |
| 全书通俗易懂地阐述了法和测绘法的有关概念,介绍了测绘法的产生、立法宗旨、适用范围、地位和作用、主要特征,详细分析了各项测绘法律制度的概念、内容、涵义。 |
| ● |
| 相关链接 |
|
|
|
正题名:中国测绘法律制度概论
索取号:D922.174/Z191
 
预约/预借
| 序号 | 登录号 | 条形码 | 馆藏地/架位号 | 状态 | 备注 |
| 1 | 271005 | 202710058 | 社科库509/509社科库 85排6列4层/ [索取号:D922.174/Z191] | 在馆 | |
| 2 | 271006 | 202710067 | 社科库509/509社科库 85排6列4层/ [索取号:D922.174/Z191] | 在馆 | |
| 3 | 271007 | 202710076 | 社科库509/509社科库 85排6列4层/ [索取号:D922.174/Z191] | 在馆 |